The Future for the cross channel ferry market (Record no. 82856)
[ view plain ]
| 000 -LEADER | |
|---|---|
| fixed length control field | 00369nam a22001337a 4500 |
| 003 - CONTROL NUMBER IDENTIFIER | |
| control field | URS |
| 005 - DATE AND TIME OF LATEST TRANSACTION | |
| control field | 20250507215553.0 |
| 008 - FIXED-LENGTH DATA ELEMENTS--GENERAL INFORMATION | |
| fixed length control field | 250507b |||||||| |||| 00| 0 eng d |
| 040 ## - CATALOGING SOURCE | |
| Transcribing agency | URS |
| 100 1# - MAIN ENTRY--PERSONAL NAME | |
| Personal name | Wallace, Graham |
| 245 10 - TITLE STATEMENT | |
| Title | The Future for the cross channel ferry market |
| 773 0# - HOST ITEM ENTRY | |
| Host Biblionumber | 82824 |
| Host Itemnumber | 75349 |
| Other item identifier | PIL-13541110-29-1 |
| Title | Business review |
| International Standard Serial Number | 13541110 |
| 942 ## - ADDED ENTRY ELEMENTS (KOHA) | |
| Source of classification or shelving scheme | Dewey Decimal Classification |
| Koha item type | Continuing Resources |
| Withdrawn status | Source of classification or shelving scheme | Damaged status | Not for loan | Home library | Current library | Shelving location | Date acquired | Total Checkouts | Date last seen | Price effective from | Koha item type |
|---|---|---|---|---|---|---|---|---|---|---|---|
| Dewey Decimal Classification | Pililla College Library | Pililla College Library | Periodicals | 05/07/2025 | 05/07/2025 | 05/07/2025 | Continuing Resources |